Escuela de medicina de la universidad de Antioquia (Registro nro. 20073)

Detalles MARC
000 -CABECERA
Campo de control 00863nam a22002537a 4500
005 - FECHA Y HORA DE LA ULTIMA TRANSACCION
Campo de control 20180105163930.0
008 - ELEMENTOS DE LONGITUD FIJA—INFORMACION GENERAL
Campo de control 180105b18712013ck ||||| |||| 00| 0 spa d
020 ## - ISBN
ISBN 9789588848099
040 ## - FUENTE DE CATALOGACIÓN
Agencia catalogadora original CO-BoIAVH
Agencia transcriptora CO-BoIAVH
041 ## - IDIOMA
Código de idioma para texto/pista de sonido o título separado Español
044 ## - PAÍS DE PUBLICACIÓN
País de publicación Colombia
082 ## - NUMERO DE CLASIFICACION DECIMAL DEWEY
Número de clasificación 610.7
Número del ítem A47e
100 1# - ASIENTO PRINCIPAL--NOMBRE PERSONAL
Nombre personal Álvarez Echeverri, Tiberio
9 (RLIN) 88472
245 2# - MENCION DE TITULO
Título Escuela de medicina de la universidad de Antioquia
260 ## - PUBLICACION, DISTRIBUCION, ETC. (PIE DE IMPRENTA)
Lugar de publicación, distribución, etc. Medellin, Antioquia:
Nombre del editor, distribuidor, etc. Universidad de Antioquia, Facultad de Medicina,
Fecha de publicación, distribución, etc. 2013.
300 ## - DESCRIPCION FISICA
Extensión 494 páginas
Dimensiones 29 x 21cm
650 14 - ASIENTO SECUNDARIO DE MATERIA - TERMINO TEMATICO
Término temático o nombre geográfico como elemento de entrada Medicina
Subdivisión geográfica Antioquia
9 (RLIN) 88473
650 14 - ASIENTO SECUNDARIO DE MATERIA - TERMINO TEMATICO
Término temático o nombre geográfico como elemento de entrada Jose Celestino Mutis
Subdivisión general Estudios
9 (RLIN) 88474
650 14 - ASIENTO SECUNDARIO DE MATERIA - TERMINO TEMATICO
Término temático o nombre geográfico como elemento de entrada Jose Celestino Mutis
Subdivisión general Nueva granada
9 (RLIN) 88475
650 14 - ASIENTO SECUNDARIO DE MATERIA - TERMINO TEMATICO
Término temático o nombre geográfico como elemento de entrada Alumnos de Mutis
9 (RLIN) 88476
650 14 - ASIENTO SECUNDARIO DE MATERIA - TERMINO TEMATICO
Término temático o nombre geográfico como elemento de entrada Jose Celestino Mutis
Subdivisión general Ilustración
9 (RLIN) 88477
650 14 - ASIENTO SECUNDARIO DE MATERIA - TERMINO TEMATICO
Término temático o nombre geográfico como elemento de entrada Escuela de Medicina
Subdivisión general Fundación
9 (RLIN) 88478
942 ## - ELEMENTOS ADICIONALES (KOHA)
Sistema de clasificación Dewey Decimal Classification
Tipo de ítem Libro
Existencias
Withdrawn status Lost status Sistema de Clasificación Damaged status No para préstamo Colección Ubicación Permanente Ubicación actual Fecha de adquisición Total Checkouts Número topográfico Inventario / Código de Barras Date last seen Ejemplar Price effective from Forma de adquisición Tipo de material
    Dewey Decimal Classification     General Bogotá Bogotá 05/01/2018   LB-610.7 A47e 043423 05/01/2018 Ej. 1 05/01/2018 Donación Libro